000 00314nam a2200109Ia 4500
008 230907s9999||||xx |||||||||||||| ||und||
082 _a669
_bELE
245 0 _aElements of metallurgy and engineering alloys /
260 _aASM International,
_bMaterials Park, Ohio :
_c2008
300 _axiii, 656 p. :
942 _cBK
999 _c599335
_d599335